000 00695nam a2200277Ia 4500
005 20260324112340.0
008 008 260324s9999 xx 000 0 eng d
020 _a9781032666273
037 _aEBOOK
040 _aCRL
040 _beng
040 _cCRL
041 _2eng
041 _aeng
084 _qCRL
100 _aVaia Tsolas; Andjela Samardzic; Michael Civin; Judith Le Soldat
_91142329
245 0 _aVoluntary Servitude. Masochism and Morality
260 _bTaylor and Francis
260 _c2024
365 _a
365 _b205
856 _uhttp://www.taylorfrancis.com/books/9781032666273
942 _cEBOOK
999 _c1731496
_d1731496